000 00699cab a2200229 4500
001 WB3227-15
008 090401t1996 xxu||||| |||| 00| 0 eng d
035 _a(Sirsi) u50420
041 _aeng
245 _aFashion retail
260 _c1996
350 _a0
490 _aRetail Week
_v28 June 1996, 18-19(1)
520 _aLooks at why central London sites are in more demand for fashion retail outlets than prime sites in New York.
650 _aFASHION OUTLETS
650 _aLONDON
650 _aNEW YORK
650 _aPROPERTY-COMMERCIAL PROPERTY-RETAIL PROPERTY-RETAIL PROPERTY MARKET
690 _aPROPERTY-COMMERCIAL PROPERTY-RETAIL PROPERTY
942 _n0
948 _c04/03/1997
999 _c31463
_d31463